| Tag |
First Indicator |
Second Indicator |
Subfields |
| LEADER |
00000cam a2200000 a 4500 |
| 001 |
in00004458039 |
| 005 |
20210930152314.0 |
| 008 |
851021s1984 enka b o00100 eng d |
| 010 |
|
|
|a gb 85035380
|
| 015 |
|
|
|a GB85-35380
|
| 020 |
|
|
|a 0112425305 (v.1) :
|c £12.50
|
| 020 |
|
|
|a 0112425313 (v.2) :
|c £12.50
|
| 035 |
|
|
|a (OCoLC)11887175
|
| 035 |
|
|
|9 AAB5348MS
|
| 035 |
|
|
|z (UtOrBLW)5682
|
| 035 |
|
|
|a 8731
|
| 040 |
|
|
|a UKM
|c UKM
|d TMV
|d UtOrBLW
|
| 049 |
|
|
|a TMVM
|c 1
|v 1
|v 2
|
| 060 |
|
4 |
|a SF 771
|b M294 1984
|
| 245 |
0 |
0 |
|a Manual of veterinary investigation laboratory techniques.
|
| 250 |
|
|
|a Third edition.
|
| 264 |
|
1 |
|a London :
|b H.M.S.O.,
|c 1984.
|
| 300 |
|
|
|a 2 volumes :
|b illustrations ;
|c 25 cm.
|
| 336 |
|
|
|a text
|2 rdacontent
|b txt
|
| 337 |
|
|
|a unmediated
|2 rdamedia
|
| 338 |
|
|
|a volume
|2 rdacarrier
|b nc
|
| 490 |
1 |
|
|a Reference book ;
|v 389-390
|
| 500 |
|
|
|a Previous edition: in 8 volume 1978.
|
| 500 |
|
|
|a At head of title: Ministry of Agriculture, Fisheries and Food.
|
| 504 |
|
|
|a Includes bibliographies and indexes.
|
| 650 |
|
2 |
|a Laboratory Techniques and Procedures
|x veterinary.
|
| 655 |
|
2 |
|a Laboratory Manual.
|
| 710 |
1 |
|
|a Great Britain.
|b Ministry of Agriculture, Fisheries and Food.
|
| 830 |
|
0 |
|a Reference book (Great Britain. Ministry of Agriculture, Fisheries and Food) ;
|v 389-390.
|
| 999 |
|
|
|a MARS
|
| 999 |
f |
f |
|s dee927c4-6418-3abd-b88c-467ea33f2d01
|i 1d191a60-baf7-3e39-81cb-fe42e3f7e572
|t 0
|
| 952 |
f |
f |
|p preservation
|a Texas A&M University
|b J.J. Pickle Campus
|c High Density Repository
|d Remote Storage
|t 0
|e SF 771 M294 1984
|h National Library of Medicine classification
|i unmediated -- volume
|k v.1
|m 3238900247713
|
| 952 |
f |
f |
|p preservation
|a Texas A&M University
|b J.J. Pickle Campus
|c High Density Repository
|d Remote Storage
|t 0
|e SF 771 M294 1984
|h National Library of Medicine classification
|i unmediated -- volume
|k v.2
|m 3238900247724
|
| 998 |
f |
f |
|a SF 771 M294 1984
|s v.2
|t 0
|l Remote Storage
|